| 000 | 00389nam a2200169Ia 4500 | ||
|---|---|---|---|
| 005 | 20240701053002.0 | ||
| 008 | 240331s9999 xx 000 0 und d | ||
| 020 | _a0415116872 | ||
| 082 |
_a149 _bONE |
||
| 100 | _aO'Neill, J | ||
| 245 | 4 | _aThe poverty of post modernism | |
| 260 |
_aLondon _bRoutledge _c1995 |
||
| 300 | _a205 p ., | ||
| 650 | _aSocial | ||
| 650 | _apolitics | ||
| 942 | _cL | ||
| 999 |
_c739 _d739 |
||